Mercantile Law/ (Record no. 3391)
[ view plain ]
| 000 -LEADER | |
|---|---|
| fixed length control field | 00591nam a2200217Ia 4500 |
| 003 - CONTROL NUMBER IDENTIFIER | |
| control field | BUBTL |
| 008 - FIXED-LENGTH DATA ELEMENTS--GENERAL INFORMATION | |
| fixed length control field | 151213s9999 xx 000 0 und d |
| 020 ## - INTERNATIONAL STANDARD BOOK NUMBER | |
| International Standard Book Number | 81-259-1683-0 |
| 082 ## - DEWEY DECIMAL CLASSIFICATION NUMBER | |
| Classification number | 346.07 / K9524m / 2005 |
| 100 ## - MAIN ENTRY--PERSONAL NAME | |
| Personal name | Kuchhal, M. C. |
| 9 (RLIN) | 134 |
| 245 ## - TITLE STATEMENT | |
| Title | Mercantile Law/ |
| Statement of responsibility, etc. | M.C.Kuchhal |
| 250 ## - EDITION STATEMENT | |
| Edition statement | 6th ed. |
| 260 ## - PUBLICATION, DISTRIBUTION, ETC. (IMPRINT) | |
| Place of publication, distribution, etc. | New Delhi : |
| Name of publisher, distributor, etc. | Vikas Publishing House Pvt Ltd, |
| Date of publication, distribution, etc. | c2005. |
| 300 ## - PHYSICAL DESCRIPTION | |
| Extent | xxviii,660 p . : |
| Dimensions | 21 cm. |
| 500 ## - GENERAL NOTE | |
| General note | Includes Index . |
| 650 ## - SUBJECT ADDED ENTRY--TOPICAL TERM | |
| Topical term or geographic name as entry element | Law |
| 650 ## - SUBJECT ADDED ENTRY--TOPICAL TERM | |
| Topical term or geographic name as entry element | Law |
| 9 (RLIN) | 4244 |
| 856 ## - ELECTRONIC LOCATION AND ACCESS | |
| Password | 0 |
| Logon | 0 |
| Link text | Download |
| 942 ## - ADDED ENTRY ELEMENTS (KOHA) | |
| Source of classification or shelving scheme | |
| Koha item type | Books |
| Withdrawn status | Lost status | Source of classification or shelving scheme | Damaged status | Not for loan | Collection code | Permanent location | Current location | Shelving location | Date acquired | Source of acquisition | Inventory number | Total Checkouts | Full call number | Barcode | Date last seen | Copy number | Price effective from | Koha item type |
|---|---|---|---|---|---|---|---|---|---|---|---|---|---|---|---|---|---|---|
| Non-fiction | Bangladesh University of Business and Technology Library | Bangladesh University of Business and Technology Library | Law Stacks | 04/16/2018 | Purchase | 6623 | 346.07 / K9524m / 2005 | BUBTL-20036623 | 04/16/2018 | C-1 | 04/16/2018 | Books | ||||||
| Non-fiction | Bangladesh University of Business and Technology Library | Bangladesh University of Business and Technology Library | Law Stacks | 04/16/2018 | 6622 | 346 KUL | BUBTL-20036622 | 04/16/2018 | C-2 | 04/16/2018 | Books | |||||||
| Non-fiction | Bangladesh University of Business and Technology Library | Bangladesh University of Business and Technology Library | Law Stacks | 04/16/2018 | Purchase | 6618 | 346.07 / K9524m / 2005 | BUBTL-20036618 | 04/16/2018 | C-3 | 04/16/2018 | Books | ||||||
| Non-fiction | Bangladesh University of Business and Technology Library | Bangladesh University of Business and Technology Library | Law Stacks | 04/16/2018 | Purchase | 6624 | 346.07 / K9524m / 2005 | BUBTL-20036624 | 04/16/2018 | C-4 | 04/16/2018 | Books | ||||||
| Non-fiction | Bangladesh University of Business and Technology Library | Bangladesh University of Business and Technology Library | Law Stacks | 04/16/2018 | Purchase | 6617 | 346.07 / K9524m / 2005 | BUBTL-20036617 | 04/16/2018 | C-5 | 04/16/2018 | Books | ||||||
| Non-fiction | Bangladesh University of Business and Technology Library | Bangladesh University of Business and Technology Library | Law Stacks | 04/16/2018 | 6619 | 346 KUL | BUBTL-20036619 | 04/16/2018 | C-6 | 04/16/2018 | Books | |||||||
| Non-fiction | Bangladesh University of Business and Technology Library | Bangladesh University of Business and Technology Library | Law Stacks | 04/16/2018 | Purchase | 5815 | 346.07 / K9524m / 2005 | BUBTL-20035815 | 04/16/2018 | C-7 | 04/16/2018 | Books | ||||||
| Not For Loan | Non-fiction | Bangladesh University of Business and Technology Library | Bangladesh University of Business and Technology Library | Law Stacks | 04/16/2018 | 7843 | 346 KUL | BUBTL-20037843 | 04/16/2018 | C-8 | 04/16/2018 | Books | ||||||
| Not For Loan | Non-fiction | Bangladesh University of Business and Technology Library | Bangladesh University of Business and Technology Library | Law Stacks | 04/16/2018 | Purchase | 6621 | 346.07 / K9524m / 2005 | BUBTL-20036621 | 04/16/2018 | C-9 | 04/16/2018 | Books | |||||
| Non-fiction | Bangladesh University of Business and Technology Library | Bangladesh University of Business and Technology Library | Law Stacks | 04/16/2018 | Purchase | 6620 | 346.07 / K9524m / 2005 | BUBTL-20036620 | 04/16/2018 | C-10 | 04/16/2018 | Books | ||||||
| Non-fiction | Bangladesh University of Business and Technology Library | Bangladesh University of Business and Technology Library | Law Stacks | 04/16/2018 | Purchase | 7845 | 346.07 / K9524m / 2005 | BUBTL-20037845 | 04/16/2018 | C-11 | 04/16/2018 | Books | ||||||
| Non-fiction | Bangladesh University of Business and Technology Library | Bangladesh University of Business and Technology Library | Law Stacks | 04/16/2018 | Purchase | 7848 | 346.07 / K9524m / 2005 | BUBTL-20037848 | 04/16/2018 | C-12 | 04/16/2018 | Books | ||||||
| Non-fiction | Bangladesh University of Business and Technology Library | Bangladesh University of Business and Technology Library | Law Stacks | 04/16/2018 | Purchase | 7846 | 346.07 / K9524m / 2005 | BUBTL-20037846 | 04/16/2018 | C-13 | 04/16/2018 | Books | ||||||
| Non-fiction | Bangladesh University of Business and Technology Library | Bangladesh University of Business and Technology Library | Law Stacks | 08/14/2010 | 7844 | 346.07KUM | BUBTL-20037844 | 09/22/2018 | C-14 | 09/22/2018 | Books | |||||||
| Non-fiction | Bangladesh University of Business and Technology Library | Bangladesh University of Business and Technology Library | Law Stacks | 08/14/2010 | 7842 | 346.07KUM | BUBTL-20037842 | 09/22/2018 | C-15 | 09/22/2018 | Books | |||||||
| Non-fiction | Bangladesh University of Business and Technology Library | Bangladesh University of Business and Technology Library | Law Stacks | 07/24/2009 | Purchase | 6615 | 346.07 / K9524m / 2005 | BUBTL-20036615 | 09/22/2018 | C-16 | 09/22/2018 | Books | ||||||
| Non-fiction | Bangladesh University of Business and Technology Library | Bangladesh University of Business and Technology Library | Law Stacks | 08/14/2010 | Purchase | 7847 | 346.07 / K9524m / 2005 | BUBTL-20037847 | 09/27/2021 | C-17 | 09/27/2021 | Books | ||||||
| Non-fiction | Bangladesh University of Business and Technology Library | Bangladesh University of Business and Technology Library | Law Stacks | 08/14/2010 | Purchase | 7850 | 346.07 / K9524m / 2005 | BUBTL-20037850 | 09/27/2021 | C-18 | 09/27/2021 | Books | ||||||
| Non-fiction | Bangladesh University of Business and Technology Library | Bangladesh University of Business and Technology Library | Law Stacks | 09/05/2008 | Purchase | 5814 | 346.07 / K9524m / 2005 | BUBTL-20035814 | 05/25/2022 | C-19 | 05/25/2022 | Books |
